000 00535nam a2200205Ia 4500
003 OSt
005 20220926044719.0
006 a|||||r|||| 00| 0
007 ta
008 220923b |||||||| |||| 00| 0 eng d
037 _cGeneral Book
040 _aRTL
_cRTL
_beng
041 _2eng
_aeng
082 _aX99D85):8, K4
100 _aKneese Allen V
245 0 _aEconomics of regional water quality management
260 _c1964
942 _hX99D85):8, K4
_cGB
_2CC
999 _c675608
_d675608